Tennis: Vainqueur d'au moins 2 Tournois du Grand Chelem la même année - Statistiques

Statistiques générales
  • Ce quiz a été pris 180 fois
  • Le résultat moyen est 18 sur 32
Statistiques - réponses
Réponse % Correct
Novak Djokovic
100%
Rafael Nadal
100%
Roger Federer
99%
Carlos Alcaraz
98%
Björn Borg
81%
Pete Sampras
79%
Serena Williams
79%
Venus Williams
79%
Andre Agassi
78%
John McEnroe
69%
Iga Świątek
68%
Ivan Lendl
60%
Jimmy Connors
59%
Rod Laver
57%
Boris Becker
56%
Mats Wilander
55%
Steffi Graf
55%
Justine Henin
53%
Jim Courier
47%
Martina Navrátilová
47%
Amélie Mauresmo
46%
Margaret Smith Court
42%
Monica Seles
40%
Chris Evert
39%
Guillermo Vilas
35%
John Newcombe
34%
Arantxa Sánchez
31%
Martina Hingis
31%
Angelique Kerber
24%
Billie Jean King
24%
Jennifer Capriati
24%
Evonne Goolagong
18%
Aucun quiz correspondant
Distribution des résultats
% des personnes avec chaque résultat
Percentile par nombre de réponses
Votre historique - résultats
Vous n’avez pas pris ce quiz